000
00337nam a22001577a 4500
003
SGT
020
_a
978-81-265-6483-5
082
_a
618.1
_b
B17L
100
_a
LOPES,TITO
245
_a
BONNEY'S GYNAECOLOGICAL SURGERY
250
_a
11TH
260
_a
NEW DELHI
_b
WILEY
_c
2017
300
_a
272
650
_a
AYURVEDA
942
_2
ddc
_c
BK
999
_c
14918
_d
14918